000
00329nam a22001457a 4500
003
SGT
020
_a
978-81-926525-9-7
082
_a
615.53
_b
A19P
100
_a
PATIL,SANJAY SAKHARAM
245
_a
AYURVEDA SAMUCHAYA
260
_a
NEW DELHI
_b
CHAUKHAMBA PUB
_c
2019
300
_a
232
650
_a
AYURVEDA
942
_2
ddc
_c
BK
_0
39
999
_c
16632
_d
16632